The Unwelcome Guest IV Quiz Stats

 Plays Quiz Updated Apr 1, 2018

Challenge
Share
Tweet
Embed
Score 0/15 Timer 06:00
7 Plays Today
Question Answer Wrong Answers
The Bourne Identity James Bond
91.6%
Jason Bourne
1.4%
Marie Kreutz
1.4%
The Professor
4.8%
Independence Day Lord Zzord
90%
Captain Steve Hiller
2.6%
President Thomas Whitmore
2.7%
David Levinson
4%
Ferris Bueller's Day Off Charlie Sheen
83.9%
Cameron Frye
3.1%
Sloane Peterson
3.9%
Ed Rooney
6.7%
Monsters, Inc. Screams
83.1%
Sully
3.7%
Mike
1.6%
Randall
10%
Frozen Ursula
82.2%
Kristoff
8.4%
Sven
4.9%
Olaf
1.1%
Hotel Transylvania Phantom of the Opera
81.6%
Dracula
1.4%
Frankenstein
2.7%
The Invisible Man
11%
Captain America: Civil War Wolverine
76.2%
Iron Man
2%
Captain America
0.7%
Spider-Man
16.8%
Star Wars VII: The Force Awakens Obi-Wan Kenobi
73%
Kylo Ren
16.6%
Han Solo
3.6%
Luke Skywalker
4.5%
Spaceballs Jar Jar Stinks
71.3%
Barf
12.8%
Pizza the Hutt
8.9%
Dark Helmet
3.8%
Abraham Lincoln: Vampire Hunter George Washington
68.9%
Abraham Lincoln
1.7%
Joshua Speed
18.5%
Henry Sturges
7%
Big Tom Hanks
66.2%
Josh Baskin
8.5%
Susan Lawrence
6.8%
Paul Davenport
14.2%
Robocop Rick Deckard
57%
Alex Murphy
11.3%
Anne Lewis
9.1%
Dick Jones
20.6%
District 9 Zaphod Beeblebrox
51.5%
Wikus van de Merwe
13%
Christopher Johnson
20.3%
Colonel Koobus Venter
9.7%
The Hateful Eight Pecos Bill
49.3%
Major Warren
15.2%
Daisy Domergue
14.4%
John Ruth
15.7%
The Last Airbender King Bumi
38.1%
Aang
8.3%
Admiral Zhao
31.2%
Iroh
17.5%

You're not logged in!

Compare scores with friends on all Sporcle quizzes.
OR
Log In

You Might Also Like...

Show Comments

Extras

Top Quizzes Today


Score Distribution

Your Account Isn't Verified!

In order to create a playlist on Sporcle, you need to verify the email address you used during registration. Go to your Sporcle Settings to finish the process.

Report this User

Report this user for behavior that violates our Community Guidelines.

Details: